000 00305nam a2200133 i 4500
001 bg
100 1 _aKWIATKOWSKI, S.
245 0 _aNauczanie wielopoziomowe /
_cS. Kwiatkowski.
260 _aWarszawa,
_c1984.
040 _cBPK
041 _apol
942 _cKS
008 s pl f |000 0 pol
999 _c2035
_d2035
856 _uhttp://koha.tu.koszalin.pl/cgi-bin/koha/opac-detail.pl?biblionumber=2035
_yKatalog online BPK